000 00604nam a2200229 a 4500
001 0001-1974
003 ELIB.Books
008 190122 2010 eng
020 _a0802807437
092 _a261.8 Sme
_bSme
100 _aSmedes, Lewis B.
245 _aSex for Christians
250 _aRevised edition
260 _aMichigan
_bWilliam B. Eerdmans publishing Company
_c1994
300 _a244
_c20.4 cm
650 _aSex in Marriage
856 _nKBTS Library
_uKBTS Elib
942 _2ddc
_cBK
990 _a2
998 _aEnglishbooks.elf
_ccat
_e2019-01-22
999 _c11974
_d11974